000 00528nam a2200181Ia 4500
005 20250129054052.0
008 240331s9999 xx 000 0 und d
020 _a9559266003
082 _bAMU
_a954
100 _aAmunugama, E.M.C
245 4 _aThe History of ancient aryantribes in Sri Lanka :
_byaksas, nagas, devas, sakyas
260 _aColombo
_bJ.R. Jayewardene Cultural Centre Publication
_c1994
300 _aiv, 309 p .,
650 _aHistory
650 _aCultural
650 _aYaksas/ Raksas in India
942 _cL
999 _c3507
_d3507